ESSENTIAL GENETICS FOR NURSING STUDENTS (Record no. 16519)

MARC details
000 -LEADER
fixed length control field 00326nam a22001457a 4500
003 - CONTROL NUMBER IDENTIFIER
control field SGT
020 ## - INTERNATIONAL STANDARD BOOK NUMBER
International Standard Book Number 978-93-86896-23-0
082 ## - DEWEY DECIMAL CLASSIFICATION NUMBER
Classification number 611
Item number E19K
100 ## - MAIN ENTRY--PERSONAL NAME
Personal name KUMARI, NAVNEET
245 ## - TITLE STATEMENT
Title ESSENTIAL GENETICS FOR NURSING STUDENTS
250 ## - EDITION STATEMENT
Edition statement 3RD
260 ## - PUBLICATION, DISTRIBUTION, ETC. (IMPRINT)
Place of publication, distribution, etc INDIA
Name of publisher, distributor, etc LOTUS
Year of Publication 2019
300 ## - PAGE DESCRIPTION
No. of Pages 319
942 ## - ADDED ENTRY ELEMENTS (KOHA)
Source of classification or shelving scheme Dewey Decimal Classification
Koha item type Books
942 ## - ADDED ENTRY ELEMENTS (KOHA)
-- 2
Holdings
Withdrawn status Lost status Source of classification or shelving scheme Damaged status Not for loan Collection code Home library Current library Shelving location Date acquired Vendor Name Cost, normal purchase price SGTU Bill Number Total Checkouts Full call number Accession No. (Barcode) Date last seen Bill Date Koha item type Date last borrowed
    Dewey Decimal Classification     NURSING SGT Medical Library SGT Medical Library Text Book 17/01/2019 ABC 270.00 SGTU 10396   611 E19K FN3926 17/01/2019 08/12/2018 Books  
    Dewey Decimal Classification     NURSING SGT Medical Library SGT Medical Library Text Book 17/01/2019 ABC 270.00 SGTU 10396 2 611 E19K FN3927 23/06/2022 08/12/2018 Books 22/06/2022